00726cam a2200217 a 4500003000400000005001700004008004100021020001800062040002300080082002200103245004800125250001300173260005500186300002700241500002000268504006300288650002100351650005800372650004600430700003200476OSt20161216165938.0010308s2001 txu 001 0 eng  a9780155064041 aDLCcDLCdDLCbara00a808.0427221bPRM00aProse models /c[compiled by] Gerald Levin. a11th ed. aFort Worth :bHarcourt College Publishers,cc2001. axxix, 610 p. ;c21 cm. aIncludes index. aيشتمل علي إرجاعات ببليوجرافية. 0aCollege readers. 0aEnglish languagexRhetoricvProblems, exercises, etc. 0aReport writingvProblems, exercises, etc.1 aLevin, Gerald Henry,d1929-